| 000 | 00537nam a22001697a 4500 | ||
|---|---|---|---|
| 999 |
_c526340 _d526340 |
||
| 003 | NUST | ||
| 038 | _aMr. Zahoor | ||
| 082 | _a620.1 | ||
| 100 |
_aJaved, Tayyeba _917325 |
||
| 245 |
_aThe Use of Multi-Modal Satnllite Imagery for Detection of Palmyra Trees: A machine Learning-Based Approach / _cTayyeba Javed |
||
| 260 |
_aIslamabad : _bCEME - NUST, _c2018. |
||
| 300 | _ax, 49 p. : ill. ; | ||
| 500 | _aHardcover. | ||
| 650 |
_aMechatronics Engineering - MS Thesis _916096 |
||
| 700 |
_aDr. Khurran Kamal _917326 |
||
| 942 |
_2ddc _cTHE |
||